Statistiques concernant Pays & Géographie

Cliquez ici pour prendre le quiz!

Statistiques générales

  • Ce quiz a été pris 700 fois
  • Le résultat moyen est 19 sur 41

Statistiques - réponses

Indice Pays % Correct
Dernier pays dans l'ordre alphabétique.Zimbabwe
90%
Le plus petit d'Europe.Vatican
89%
Le plus grand d'Amérique du Nord.Canada
88%
Le plus grand d'Océanie.Australie
87%
Le plus grand d'Amérique du Sud.Brésil
86%
Le plus grand d'Asie.Russie
85%
Un des deux pays se partageant le plus sommet de monde.Chine
80%
Le plus grand d'Europe (hors Russie).Ukraine
78%
Le plus grand d'Afrique.Algérie
72%
Possède le point le plus au Sud de l'Afrique.Afrique du Sud
71%
Possède le point le plus au Nord de l'Europe.Norvège
68%
Possède le point le plus au Sud de l'Europe.Espagne
61%
Possède la capitale la plus au Nord.Islande (Reykjavik)
57%
Premier pays dans l'ordre alphabétique.Afghanistan
55%
Le plus petit d'Amérique du Sud.Suriname
54%
Possède le point le plus à l'Ouest d'Europe.Portugal (Açores)
54%
Possède le point le plus au Nord de l'Afrique.Tunisie
53%
Un des deux pays se partageant le plus sommet de monde.Népal
49%
Le seul commencant par un Q.Qatar
49%
Possède le point le plus à l'Ouest de l'Asie.Turquie
48%
Possède le point le plus à l'Ouest de l'Afrique.Cap Vert
46%
Le plus petit d'Océanie.Nauru
46%
Le seul commencant par un Y.Yémen
44%
Possède la terre la plus au Nord.Danemark (Groenland, île de Kaffeklubben)
39%
Possède le plus haut sommet d'Amérique du Sud.Argentine
38%
Possède le point le plus à l'Est de l'Afrique.Ile Maurice
35%
Possède le plus haut sommet d'Afrique.Tanzanie
35%
Le plus petit d'Afrique.Seychelles
32%
Possède la capitale la plus au Sud.Nouvelle-Zélande (Wellington)
28%
Possède la capitale la plus en altitude.Bolivie (La Paz)
26%
Le plus d'îles.Indonésie
25%
Le plus petit d'Asie.Maldives
23%
La plus petite longueur de côtes.Monaco
21%
L'un des deux pays possédant un drapeau de forme carré.Suisse
19%
Le plus petit d'Amérique du Nord.Saint-Christophe-et-Niévès
16%
Possède la seule capitale commencant par un E.Arménie (Erevan)
15%
Possède le point le plus à l'Est d'Océnie.Royaume-Uni (îles Pitcairn)
15%
Possède la capitale la moins peuplée.Palaos
14%
Possède la seule capitale commencant par un I (i).Pakistan (Islamabad).
12%
Possède la dernière capitale de l'ordre alphabétique.Croatie (Zagreb)
12%
Possède la première capitale de l'ordre alphabétique.Emirats Arabes Unis (Abou Dabi)
5%

Distribution des résultats

Percentile par nombre de réponses

% des personnes avec chaque résultat

Votre développement - résultats

Vous n’avez pas pris ce quiz